000 00346nam a2200133Ia 4500
008 240624s9999 xx 000 0 und d
041 _aeng
082 _a658.155 ICF
100 _aICFAI
245 _aALTERNATIVE RISK MANAGEMENT CONCEPTS AND P
260 _c2003
_aHyderabad
_bICFAI press
300 _avii, : 205 : p. : cm. ; 23
365 _cRS
_b50
999 _c6363
_d6363